Three Cities, One River: Click Quiz - Statistics

General Stats
  • This quiz has been taken 26 times
  • The average score is 16 of 21
Answer Stats
Hint Answer % Correct
Cairo, Khartoum, Juba Nile
95%
Kilrush, Limerick, Dowra Shannon
95%
Reading, London, Gravesend Thames
95%
Nizhny Novgorod, Kazan, Volgograd Volga
95%
Kanpur, Kolkata, Dhaka Ganges
90%
Montreal, Trois-Rivières, Quebec City St. Lawrence
90%
Cumberland, Washington D.C., Alexandria Potomac
86%
Iquitos, Macapá, Manaus Amazon
81%
St. Cloud, St. Louis, New Orleans Mississippi
81%
Turin, Piacenza, Ferrara Po
81%
Grand Junction, Las Vegas, Yuma Colorado
76%
Kinshasa, Brazzaville, Kisangani Congo
76%
Albuquerque, El Paso, Matamoros Rio Grande
76%
Bismarck, Sioux City, Kansas City Missouri
71%
Chongqing, Wuhan, Shanghai Yangtze
71%
Onitsha, Niamey, Bamako Niger
67%
Pittsburgh, Cincinnati, Paducah Ohio
67%
Wichita, Tulsa, Little Rock Arkansas
57%
Jackson, Idaho Falls, Tri-Cities Snake
57%
Albury, Swan Hill, Renmark Murray
52%
Lanzhou, Baotou, Zhengzhou Yellow
38%
No matching quizzes found
Score Distribution
Percent of People with Each Score
Percentile by Number Answered
Your Score History
You have not taken this quiz